AC Milan - Top 10 Goalscorers by season - Statistics

General Stats
  • This quiz has been taken 156 times
  • The average score is 29 of 61
Answer Stats
Answer % Correct
Rafael Leao
96%
Olivier Giroud
95%
Zlatan Ibrahimovic
95%
Hakan Calhanoglu
87%
Ante Rebic
83%
Franck Kessié
83%
Theo Hernandez
80%
Brahim Diaz
79%
Ismael Bennacer
79%
Krzysztof Piatek
79%
Carlos Bacca
75%
Alexis Saelemaekers
69%
Sandro Tonali
66%
Davide Calabria
65%
Kevin-Prince Boateng
64%
Robinho
64%
Suso
64%
Kaka
62%
Mario Balotelli
59%
Junior Messias
58%
Keisuke Honda
57%
Jeremy Menez
56%
Sulley Muntari
55%
Thiago Silva
52%
Giacomo Bonaventura
50%
André Silva
49%
Stephan El Shaarawy
49%
Alessio Romagnoli
45%
Gonzalo Higuain
44%
Nikola Kalinic
44%
Patrick Cutrone
44%
Samu Castillejo
43%
Clarence Seedorf
42%
Jens Petter Hauge
42%
Leonardo Bonucci
42%
M'Baye Niang
40%
Philippe Mexes
40%
Riccardo Montolivo
40%
Nigel De Jong
39%
Giampaolo Pazzini
38%
Antonio Nocerino
37%
Antonio Cassano
36%
Ignazio Abate
36%
Gianluca Lapadula
35%
Juraj Kucka
34%
Urby Emanuelson
34%
Adel Taarabt
29%
Mario Pasalic
28%
Luiz Adriano
27%
Alex
25%
Valter Birsa
25%
Adil Rami
24%
Gerard Deulofeu
23%
Fabio Borini
22%
Mathieu Flamini
22%
Mattia Destro
22%
Tommaso Pobega
22%
Lucas Ocampos
14%
Bojan Krkic
12%
Gabriel Paletta
12%
Luca Antonelli
12%
No matching quizzes found
Score Distribution
Percent of People with Each Score
Percentile by Number Answered
Your Score History
You have not taken this quiz